Conseil d'association entre le Gouvernement du Royaume-Uni de Grande Bretagne et D'Irlande du Nord et la Haute Autorité de la Communaute Europeenne du Charbon et de l'Acier (Record no. 46853)

MARC details
000 -LEADER
campo de control de longitud fija 00704nam a2200157 i 4500
001 - NÚMERO DE CONTROL
campo de control 46853
003 - IDENTIFICADOR DE NÚMERO DE CONTROL
campo de control ES-MaACL
005 - FECHA Y HORA DE LA ÚLTIMA TRANSACCIÓN
campo de control 20230906161446.0
007 - CAMPO FIJO DE DESCRIPCIÓN FÍSICA--INFORMACIÓN GENERAL
campo de control de longitud fija t|
008 - DATOS DE LONGITUD FIJA--INFORMACIÓN GENERAL
campo de control de longitud fija 030401q1958 be ||||1| gre d
245 00 - MENCIÓN DEL TÍTULO
Título Conseil d'association entre le Gouvernement du Royaume-Uni de Grande Bretagne et D'Irlande du Nord et la Haute Autorité de la Communaute Europeenne du Charbon et de l'Acier
Resto del título : troisieme rapport annuel 1er Janvier-31 Decembre 1958.
260 ## - PUBLICACIÓN, DISTRIBUCIÓN, ETC.
Lugar de publicación, distribución, etc. Bruxelles :
Nombre del editor, distribuidor, etc. Service des Publications des Communautes Europeennes,
Fecha de publicación, distribución, etc. [1958?]
300 ## - DESCRIPCIÓN FÍSICA
Extensión 29 p. ;
Dimensiones 23 cm.
710 2# - ENTRADA AGREGADA--NOMBRE DE ENTIDAD CORPORATIVA
Nombre de entidad corporativa o nombre de jurisdicción como elemento de entrada Haute Autorité de la Communaute Europeenne du Charbon et de l'Acier.
9 (RLIN) 4559
852 ## - LOCALIZACIÓN
Ubicación ES-MaACL
Número de control de estantería 2014-F-17
Sublocalización o colección R.44416
Holdings
Estatus retirado Estado de pérdida Estado de daño No para préstamo Colección Biblioteca de origen Biblioteca actual Ubicación en estantería Fecha de adquisición Fuente de adquisición Total de préstamos Signatura topográfica completa Código de barras Visto por última vez Precio de reemplazo Tipo de ítem Koha
        Colección de folletos Biblioteca del Ateneo de Madrid Biblioteca del Ateneo de Madrid Depósito folletos 17/01/2008     2014-F-17 1049277 23/02/2023 23/02/2023 Folleto